Top 25 NBA Players in 2022 - Statistics

General Stats
  • This quiz has been taken 51 times
  • The average score is 23 of 25
Answer Stats
# Team Answer % Correct
10 Celtics Jayson Tatum
100%
3 76ers Joel Embiid
100%
4 Nets Kevin Durant
100%
7 Lakers Lebron James
100%
6 Mavericks Luka Doncic
100%
5 Warriors Steph Curry
100%
13 Suns Chris Paul
98%
8 Suns Devin Booker
98%
11 Grizzlies Ja Morant
98%
9 Heat Jimmy Butler
98%
2 Nuggets Nikola Jokic
98%
14 Bulls Demar Derozan
96%
12 Hawks Trae Young
96%
17 76ers James Harden
93%
19 Timberwolves Karl-Anthony Towns
93%
16 Heat Bam Adebayo
91%
1 Bucks Giannis Antetokounpo
91%
20 Celtics Jaylen Brown
91%
18 Jazz Rudy Gobert
91%
21 Bulls Zach Lavine
87%
15 Jazz Donovan Mitchell
85%
22 Bucks Khris Middleton
83%
25 Hornets LaMelo Ball
83%
23 Raptors Pascal Siakam
83%
24 Pelicans Brandon Ingram
70%
No matching quizzes found
Score Distribution
Percent of People with Each Score
Percentile by Number Answered
Your Score History
You have not taken this quiz